MARC details
| 000 -LEADER |
| campo de control de longitud fija |
02196nam a2200337 i 4500 |
| 001 - NÚMERO DE CONTROL |
| campo de control |
183040 |
| 003 - IDENTIFICADOR DE NÚMERO DE CONTROL |
| campo de control |
ES-MaACL |
| 005 - FECHA Y HORA DE LA ÚLTIMA TRANSACCIÓN |
| campo de control |
20250809180109.0 |
| 008 - DATOS DE LONGITUD FIJA--INFORMACIÓN GENERAL |
| campo de control de longitud fija |
140114s2010 sp a |||| | spa d |
| 017 ## - NÚMERO DE COPYRIGHT O DE DEPÓSITO LEGAL |
| Número de copyright o de depósito legal |
M 30879-2010 |
| Agencia que asigna |
Oficina Depósito Legal Madrid |
| 020 ## - NÚMERO INTERNACIONAL ESTÁNDAR DEL LIBRO |
| Número Internacional Estándar del Libro |
978-84-451-3320-0 |
| 080 ## - NÚMERO DE LA CLASIFICACIÓN DECIMAL UNIVERSAL |
| Número de la Clasificación Decimal Universal |
94(460)"1833/40"(060.64) |
| 080 ## - NÚMERO DE LA CLASIFICACIÓN DECIMAL UNIVERSAL |
| Número de la Clasificación Decimal Universal |
725.945(460.27 M.)(060.64) |
| 245 03 - MENCIÓN DEL TÍTULO |
| Título |
La cápsula del tiempo : |
| Resto del título |
del absolutismo al liberalismo en los cimientos de Cervantes : 7 julio-15 septiembre 2010, Real Casa de Correos, sede de la Presidencia de la Comunidad de Madrid |
| 260 ## - PUBLICACIÓN, DISTRIBUCIÓN, ETC. |
| Lugar de publicación, distribución, etc. |
[Madrid] : |
| Nombre del editor, distribuidor, etc. |
Comunidad de Madrid, Dirección General del Patrimonio Histórico, |
| Fecha de publicación, distribución, etc. |
[2010] |
| 300 ## - DESCRIPCIÓN FÍSICA |
| Extensión |
93 páginas : |
| Otras características físicas |
ilustraciones (color) ; |
| Dimensiones |
22 cm |
| Material acompañante/anejo |
|
| 520 ## - RESUMEN, ETC. |
| Sumario, etc. |
Catálogo de la exposición "La cápsula del tiempo: del absolutismo al liberalismo en los cimientos de Cervantes", celebrada en la Real Casa de Correos, del 27 de julio y el 15 de septiembre de 2010. Recoge el descubrimiento de la "cápsula del tiempo", encontrada a finales de 2009 bajo la base original de la estatua de Cervantes situada en la plaza de las Cortes, así como los trabajos de conservación y restauración llevados a cabo. La caja, fechada en 1834, incluía diferentes objetos de la época que dan testimonio del momento político y social que atravesaba España |
| 530 ## - NOTA DISPONIBLE DE FORMULARIO FÍSICO ADICIONAL |
| Nota de formato físico adicional disponible |
Disponible en formato digital |
| 600 14 - PUNTO DE ACCESO ADICIONAL DE MATERIA--NOMBRE DE PERSONA |
| Nombre de persona |
Cervantes Saavedra, Miguel de, |
| Fechas asociadas al nombre |
1547-1616- |
| Subdivisión general |
Monumentos |
| 9 (RLIN) |
172577 |
| 650 #4 - PUNTO DE ACCESO ADICIONAL DE MATERIA--TÉRMINO DE MATERIA |
| Término de materia o nombre geográfico como elemento de entrada |
Monumentos- |
| Subdivisión geográfica |
Madrid |
| 9 (RLIN) |
15181 |
| 651 #4 - PUNTO DE ACCESO ADICIONAL DE MATERIA--NOMBRE GEOGRÁFICO |
| Nombre geográfico |
España- |
| Subdivisión general |
Historia- |
| Subdivisión geográfica |
1833-1840, Regencia de María Cristina de Borbón |
| 9 (RLIN) |
8252 |
| 655 #7 - TERMINO DE INDIZACIÓN--GENERO/FORMA |
| Datos o término principal de género/forma |
Catálogos de exposiciones |
| Fuente del término |
tgfbne |
| 9 (RLIN) |
193628 |
| 710 2# - ENTRADA AGREGADA--NOMBRE DE ENTIDAD CORPORATIVA |
| Nombre de entidad corporativa o nombre de jurisdicción como elemento de entrada |
Real Casa de Correos (Madrid) |
| Término indicativo de función/relación |
Sede |
| 9 (RLIN) |
143117 |
| 710 1# - ENTRADA AGREGADA--NOMBRE DE ENTIDAD CORPORATIVA |
| Nombre de entidad corporativa o nombre de jurisdicción como elemento de entrada |
Madrid (Comunidad Autónoma). |
| Unidad subordinada |
Dirección General de Patrimonio Histórico |
| Término indicativo de función/relación |
Editor |
| 9 (RLIN) |
161737 |
| 852 4# - LOCALIZACIÓN |
| Ubicación |
ES-MaACL |
| Sublocalización o colección |
R.149765 |
| Ubicación en estantería |
Depósito 1 |
| Signatura antigua |
Olim: N-5984 |
| Donativo/Legado |
Donación Real Academia Española |
| Número de control de estantería |
A-12984 |
| itemnumber |
189973 |
| 856 ## - LOCALIZACIÓN Y ACCESO ELECTRÓNICOS |
| Identificador Uniforme de Recursos |
<a href="https://gestiona3.madrid.org/bvirtual/BVCM010610.pdf">https://gestiona3.madrid.org/bvirtual/BVCM010610.pdf</a> |
| Texto de enlace |
Versión en línea |
| Nota pública |
(PublicaMadrid) |
| 914 ## - NOMBRE ENTIDAD DE DONANTE |
| RLIN |
6336 |
| Nombre de congreso/reunión o jurisdicción como elemento de entrada |
Real Academia Española |
| Unidad subordinada |
Donante |
| 942 ## - ELEMENTOS DE ENTRADA SECUNDARIOS (KOHA) |
| Fuente del sistema de clasificación o colocación |
Clasificación decimal universal |
| Tipo de ítem Koha |
Libro impreso |
| Suprimir en OPAC |
No |